LEADER 01144nam1-2200349---450- 001 990001080270203316 005 20040517165440.0 010 $a981-02-3476-7 035 $a000108027 035 $aUSA01000108027 035 $a(ALEPH)000108027USA01 035 $a000108027 100 $a20020514g1999----k--y0itay0103----ba 101 1 $aENG 102 $aSG 200 1 $aStatistical physics$ean introductory course$fDaniel J. Amit, Yosef Verbin,$gTranslated from the Hebrew by Rami Tzafriri 210 $aSingapore [etc.]$cWorld scientific$dcopyr. 1999 215 $aXII, 565 p.$cill.$d20 cm 610 $aFisica statistica 676 $a530.13 700 1$aAmit,$bDaniel J.$044320 701 1$aVerbin,$bYosef$062513 801 0$aIT$bAtlantis$gRICA$2UNIMARC 912 $a990001080270203316 951 $a530.13 AMI$b0027637 CBS$c530.13$d00111931 951 $a530.13 AMI(A)$b0029250CBS$c530.13$d00113846 959 $aBK 979 $aDIGIUSEPPE$b90$c20020514$lUSA01$h1430 979 $aPATRY$b90$c20040406$lUSA01$h1715 979 $aDIGIUSEPPE$b90$c20040517$lUSA01$h1654 996 $aStatistical physics$9978812 997 $aUNISA LEADER 01398nam0-22004331i-450 001 990001758570403321 005 20200624090205.0 035 $a000175857 035 $aFED01000175857 035 $a(Aleph)000175857FED01 035 $a000175857 100 $a20030910d1990----km-y0itay50------ba 101 0 $aita 102 $aIT 105 $aa 001yy 200 1 $a<>Museo anatomico$fa cura di Antonio Crasto$gUniversità degli Studi Federico 2. di Napoli. Facoltà di Medicina Veterinaria. Dipartimento di Strutture, Funzioni e Tecnologie Biologiche 210 $aNapoli$cArte Tipografica$d1990 215 $a20 p.$c104 ill.$d24 cm 610 0 $aZoologia$aMusei 676 $a590.742 676 $a590.744573$v23$zita 702 1$aCrasto,$bAntonio 712 02$aUniversità degli studi di Napoli Federico II.$bDipartimento di strutture, funzioni e tecnologie biologiche 801 0$aIT$bUNINA$gRICA$2UNIMARC 901 $aBK 912 $a990001758570403321 952 $a500-56$bs.i.$fDMVBF 952 $a60 590.744 CRAA 1990$b3296$fFAGBC 952 $a60 DONO NOVIELLO 13$b9750$fFAGBC 952 $a13 L 52 25$b6783$fFINBC 952 $aI Storia 14$b10510$fDMVSF 952 $aZZ AC II 24$b[s.i.]$fDMVCM 959 $aFAGBC 959 $aFINBC 959 $aDMVBF 959 $aDMVSF 959 $aDMVCM 996 $aMuseo anatomico$9362919 997 $aUNINA